| 000 | 00690cam a2200193 i 4500 | ||
|---|---|---|---|
| 005 | 20251214090442.0 | ||
| 008 | 250721s2008 jo gr 000 0 ara d | ||
| 082 | 1 | 4 |
_a216.393 _bص ب ر |
| 100 | 1 |
_aصبري، عكرمة سعيد _eمؤلف. |
|
| 245 | 1 | 2 |
_aالوقف الإسلامي بين النظرية و التطبيق / _cد. عكرمة سعيد صبري. |
| 250 | _aالطبعة الاولى. | ||
| 264 | 3 | 1 |
_aعمان : _bدار النفائس للنشر و التوزيع، _c2008. |
| 300 | _a623 صفحة. | ||
| 650 | 1 | 7 | _aالفقه الاسلامي. |
| 650 | 1 | 7 | _aالوقف. |
| 650 | 1 | 7 | _aالوقف الخيري. |
| 942 |
_2ddc _cBK |
||
| 999 |
_c110946 _d110946 |
||